[Event "Druzynowe Mistrzostwa Polski II Liga"]
[Site "Szklarska Poreba"]
[Date "1899-12-30"]
[Round "2.28"]
[White "Rydzewski, Pawel"]
[Black "Rawski, Slawomir"]
[Result "0-1"]
[WhiteTitle "I"]
[BlackTitle "FM"]
[WhiteElo "1938"]
[BlackElo "2164"]

1. d4 Nf6 2. Nf3 e6 3. c4 d5 4. Nc3 c5 5. e3 Nc6 6. a3 cxd4 7. exd4 Be7 8. Be2
O-O 9. O-O b6 10. b3 Ba6 11. Bb2 Rc8 12. Nb5 Re8 13. Rc1 Bf8 14. Ne5 Bxb5 15.
cxb5 Nxe5 16. dxe5 Nd7 17. b4 Rxc1 18. Qxc1 Qb8 19. Qc6 Nc5 20. bxc5 Rc8 21. Qxc8
Qxc8 22. c6 Bc5 23. Rd1 Kf8 24. Bd4 Qc7 25. Bb2 Ke8 26. a4 Kd8 27. Rd3 Qe7 28.
Rg3 Qf8 29. Kf1 Kc7 30. Bd3 Ba3 31. Bc3 Qc5 32. Bxh7 Qc4+ 33. Ke1 Bb4 34. Bxb4
Qxb4+ 35. Ke2 Qxa4 36. Bd3 Qf4 37. Re3 Qxh2 38. g3 Qh5+ 39. Kd2 Qh6 40. Kd1 Qh1+
41. Ke2 Qa1 42. Kd2 Qb2+ 43. Ke1 a5 44. bxa6 Kxc6 45. Kf1 b5 46. Re1 Qa3 0-1

[Event "Druzynowe Mistrzostwa Polski II Liga"]
[Site "Szklarska Poreba"]
[Date "1899-12-30"]
[Round "2.29"]
[White "Drzazga, Rafal"]
[Black "Galuszka, Tomasz"]
[Result "1/2-1/2"]
[WhiteTitle "I"]
[BlackTitle "I"]
[WhiteElo "2018"]
[BlackElo "1895"]

1. e4 d5 2. exd5 Nf6 3. d4 Nxd5 4. c4 Nf6 5. Nc3 Bf5 6. h3 e6 7. Nf3 Be7 8. Be3
Nbd7 9. Be2 O-O 10. Qb3 Qc8 11. Nh4 Bg6 12. Nxg6 hxg6 13. Bf3 c6 14. O-O e5 15.
d5 Nc5 16. Bxc5 Bxc5 17. dxc6 bxc6 18. Qa4 Rb8 19. Rab1 Rb4 20. Qxc6 Qxc6 21.
Bxc6 Rxc4 22. Bb5 Rd4 23. Rbd1 Rfd8 24. Rfe1 Bb4 25. Rc1 Rd2 26. Re2 Rxe2 27.
Nxe2 a5 28. a3 Bd6 29. Nc3 Rc8 30. Ne2 Rb8 31. a4 Rd8 32. Rd1 Kf8 33. Nc3 Ke7
34. Bc4 Rc8 35. b3 Rd8 36. Nd5+ Nxd5 37. Rxd5 Bc7 38. Rxd8 Bxd8 39. Kf1 f5 40.
Ke2 Bb6 41. Bd5 Bc5 42. Bg8 Kf6 43. Bd5 e4 44. Bc6 Ke5 45. Be8 g5 46. Bd7 Kf4
47. Bc8 g6 48. Bd7 g4 49. hxg4 Kxg4 50. Be8 g5 51. Bd7 Kf4 52. Be8 g4 53. Bd7
Bd4 54. Be6 Bc5 55. Bd7 g3 56. fxg3+ Kg4 57. Be6 Bd6 58. Bd7 Kxg3 1/2-1/2

[Event "Druzynowe Mistrzostwa Polski II Liga"]
[Site "Szklarska Poreba"]
[Date "1899-12-30"]
[Round "2.30"]
[White "Buchta, Agnieszka"]
[Black "Smarsz, Agata"]
[Result "0-1"]
[WhiteTitle "I++"]
[BlackTitle "m"]
[WhiteElo "1835"]
[BlackElo "2102"]

1. e4 c5 2. Nc3 Nc6 3. Bb5 g6 4. Bxc6 bxc6 5. d3 Bg7 6. f4 d5 7. Bd2 e6 8. Nf3
Ne7 9. O-O O-O 10. b3 c4 11. bxc4 dxc4 12. dxc4 Ba6 13. Qe2 Qb6+ 14. Kh1 Qc5 15.
Rfd1 Bxc4 16. Qe1 Ba6 17. e5 Rfd8 18. Ng5 Nd5 19. Nge4 Qe7 20. Nd6 Rxd6 21. exd6
Qxd6 22. Ne4 Qc7 23. Rab1 c5 24. Ba5 Qc6 25. Qg3 Qa4 26. Nxc5 Qxa5 27. Nxa6 Qxa6
28. f5 Rf8 29. Rb8 Qc6 30. Rdb1 Qxc2 31. fxe6 fxe6 32. Qd6 Qf5 33. Rxf8+ Bxf8
34. Qb8 Nb6 35. Rd1 Qf7 36. h3 Kg7 37. Qe5+ Kg8 38. Qb8 Nd5 39. Rb1 Ne3 40. Qb3
Qf5 41. Re1 Nd5 42. Qb8 Qf2 43. Rc1 Nf4 44. Qb7 Ne2 45. Rd1 Ng3+ 46. Kh2 Nf1+
47. Kh1 Qf4 48. g3 Nxg3+ 49. Kg2 Ne4 50. Rd3 Qf2+ 51. Kh1 Qf1+ 0-1

[Event "Druzynowe Mistrzostwa Polski II Liga"]
[Site "Szklarska Poreba"]
[Date "1899-12-30"]
[Round "2.31"]
[White "Lewtak, Damian"]
[Black "Dzierzak, Radoslaw"]
[Result "1-0"]
[WhiteTitle "m"]
[BlackTitle "I++"]
[WhiteElo "2331"]
[BlackElo "2251"]

1. d4 Nf6 2. c4 e6 3. g3 d5 4. Bg2 Be7 5. Nf3 O-O 6. O-O dxc4 7. Qc2 a6 8. a4 Bd7
9. Qxc4 Bc6 10. Bf4 a5 11. Nc3 Na6 12. Rac1 Nb4 13. Ne5 Bxg2 14. Kxg2 Nbd5 15.
Nxd5 Nxd5 16. Bd2 c6 17. Rfd1 f5 18. Qb3 Qc7 19. f3 Bf6 20. Nc4 Bxd4 21. Bxa5
b6 22. Bb4 c5 23. Bd2 f4 24. e4 fxe3 25. Bxe3 Nxe3+ 26. Nxe3 Qc6 27. Nf5 Rxf5
28. Rxd4 Rxf3 29. Qxf3 Qxf3+ 30. Kxf3 cxd4 31. b3 Kf7 32. Ke4 Kf6 33. Kxd4 Rd8+
34. Ke3 Rd6 35. Rc4 g5 36. h4 h6 37. h5 Ke5 38. Re4+ Kf6 39. Rb4 Rc6 40. Ke4 Rd6
41. Rc4 g4 42. Kf4 Rd5 43. Rb4 Rd6 44. Kxg4 Ke5 45. Kf3 Rd3+ 46. Kf2 Rd6 47. Ke3
Kf5 48. g4+ Kg5 49. Ke4 Rc6 50. Ke5 Kh4 51. Rc4 Rxc4 52. bxc4 Kxg4 53. Kxe6 Kxh5
54. Kd6 Kg5 55. c5 bxc5 56. Kxc5 1-0

[Event "Druzynowe Mistrzostwa Polski II Liga"]
[Site "Szklarska Poreba"]
[Date "1899-12-30"]
[Round "2.32"]
[White "Walter, Szymon"]
[Black "Reza, Wojciech"]
[Result "1/2-1/2"]
[WhiteTitle "k"]
[BlackTitle "k++"]
[WhiteElo "2263"]
[BlackElo "2277"]

1. e4 c5 2. Nc3 e6 3. f4 Nc6 4. Nf3 Be7 5. Bb5 Qc7 6. O-O Nh6 7. Bxc6 bxc6 8. d3
O-O 9. Qe2 f6 10. b3 e5 11. f5 Nf7 12. g4 d5 13. exd5 Nd6 14. Nd2 Bb7 15. dxc6
Qxc6 16. Nde4 g6 17. h4 gxf5 18. gxf5 Kh8 19. Bh6 Rg8+ 20. Kh2 a6 21. a4 Qc7 22.
Rf2 c4 23. bxc4 Nxe4 24. Nxe4 Qb6 25. Raf1 Bc5 26. Rf3 Rg4 27. Kh3 Rag8 28. Rg3
Rxg3+ 29. Nxg3 Qb4 30. Ne4 Bxe4 31. Qxe4 Qxa4 1/2-1/2

[Event "Druzynowe Mistrzostwa Polski II Liga"]
[Site "Szklarska Poreba"]
[Date "1899-12-30"]
[Round "2.33"]
[White "Rymaszewski, Dariusz"]
[Black "Faron, Rafal"]
[Result "0-1"]
[WhiteTitle "k"]
[BlackTitle "k"]
[WhiteElo "2150"]
[BlackElo "2115"]

1. e4 d6 2. d4 Nf6 3. Bd3 e5 4. c3 d5 5. dxe5 Nxe4 6. Bxe4 dxe4 7. Qxd8+ Kxd8 8.
Nd2 Nd7 9. Nxe4 Nxe5 10. Bg5+ Ke8 11. O-O-O Bf5 12. Ng3 Nd3+ 13. Kc2 Bg6 14. Nf3
Nxf2+ 15. Kb3 Nxh1 16. Re1+ Kd7 17. Ne5+ Kd6 18. Bf4 Kc5 19. Ka4 Nxg3 20. b4+
Kd5 21. c4+ Kd4 22. Kb3 Bxb4 23. Kxb4 a5+ 24. Kb3 Nh5 25. Bc1 Kc5 26. Rd1 Kb6
27. Rd5 Nf6 28. Rb5+ Ka6 29. Bd2 b6 0-1

[Event "Druzynowe Mistrzostwa Polski II Liga"]
[Site "Szklarska Poreba"]
[Date "1899-12-30"]
[Round "2.34"]
[White "Kastelik, Adrian"]
[Black "Renkowski, Piotr"]
[Result "1/2-1/2"]
[WhiteTitle "I++"]
[BlackTitle "k"]
[WhiteElo "2168"]
[BlackElo "2102"]

1. d4 d5 2. c4 c6 3. Nf3 Nf6 4. Nc3 e6 5. e3 Nbd7 6. Qc2 Bd6 7. Bd3 O-O 8. O-O
e5 9. cxd5 cxd5 10. Nb5 Bb8 11. dxe5 Nxe5 12. Nxe5 Bxe5 13. f4 Bb8 14. Bd2 a6
15. Nd4 Ba7 16. Rac1 Re8 17. Qc7 Qxc7 18. Rxc7 Bb6 19. Rcc1 Ng4 20. Rfe1 Nxe3
21. Bxe3 Rxe3 22. Rxe3 Bxd4 23. Kf2 Bg4 24. Rce1 Bxe3+ 25. Rxe3 Kf8 26. Re5 Rd8
27. h3 Bc8 28. Ke3 d4+ 29. Kd2 Be6 30. Bxh7 Bxa2 31. Be4 b6 32. g4 Bc4 33. Bd3
b5 34. Bxc4 bxc4 35. Rc5 Rb8 36. Rxc4 Rxb2+ 37. Kd3 Rb3+ 38. Kxd4 Rxh3 39. Ke5
Re3+ 40. Kd6 g6 41. g5 Rb3 42. Rc6 Rb4 43. Rxa6 Rxf4 44. Ra8+ Kg7 45. Ra5 Re4
46. Kd5 Re7 47. Kd6 Re8 48. Rb5 f5 49. Rb7+ Kg8 50. Kd5 Rf8 51. Ke5 Rf7 52. Rb4
Kg7 53. Ra4 Re7+ 54. Kd6 Kf7 55. Kd5 Rb7 56. Ke5 Ke7 57. Ra6 Rb5+ 58. Kf4 Rb4+
59. Kf3 Rb3+ 60. Ke4 1/2-1/2

[Event "Druzynowe Mistrzostwa Polski II Liga"]
[Site "Szklarska Poreba"]
[Date "1899-12-30"]
[Round "2.35"]
[White "Czerniawski, Marek"]
[Black "Wielek, Thomas"]
[Result "1-0"]
[WhiteTitle "k"]
[BlackTitle "I"]
[WhiteElo "2035"]
[BlackElo "1803"]

1. e4 c5 2. Nf3 g6 3. Bc4 Bg7 4. O-O Nc6 5. c3 e5 6. d3 Nge7 7. Bg5 f6 8. Be3 b6
9. d4 d6 10. h3 Bd7 11. a4 h5 12. Na3 Na5 13. Ba2 Nec6 14. Nb5 Nb7 15. Nh4 g5
16. Ng6 Rh6 17. Qb3 Rh8 18. Qd1 1-0

[Event "Druzynowe Mistrzostwa Polski II Liga"]
[Site "Szklarska Poreba"]
[Date "1899-12-30"]
[Round "2.36"]
[White "Binkowska, Agata"]
[Black "Czaplewska, Klara"]
[Result "0-1"]
[WhiteTitle "I++"]
[BlackTitle "k+"]
[WhiteElo "1822"]
[BlackElo "1880"]

1. e4 e5 2. Nf3 Nc6 3. Bb5 a6 4. Ba4 Nf6 5. d3 d6 6. c3 Be7 7. O-O Bg4 8. Re1 Qd7
9. Nbd2 O-O 10. h3 Bh5 11. Nf1 b5 12. Bb3 Bg6 13. Ne3 Na5 14. Bc2 c6 15. g4 Rfe8
16. Nf5 Bd8 17. Bg5 h6 18. Be3 d5 19. Qc1 dxe4 20. dxe4 Nc4 21. Bxh6 gxh6 22.
Qxh6 Bxf5 23. exf5 e4 24. g5 Qxf5 25. gxf6 Qxf6 26. Qxf6 Bxf6 27. Bxe4 Nxb2 28.
Rac1 Rac8 29. Nd4 c5 30. Nf5 Re5 31. Nh6+ Kg7 32. Ng4 Re6 33. Nxf6 Kxf6 34. Bb7
Rce8 35. Rxe6+ Rxe6 36. Rc2 Nd3 37. a4 Nf4 38. Kh2 Rb6 39. Be4 b4 40. cxb4 cxb4
41. Kg3 b3 42. Rb2 Ke5 43. a5 Rh6 44. f3 f5 45. Bxf5 Kxf5 46. Rxb3 Rxh3+ 47. Kf2
Rh2+ 48. Ke3 Ra2 49. Rb8 Nd5+ 50. Kd4 Rxa5 51. Rh8 Nf6 52. Kc4 Ke6 53. Kb4 Ra1
54. Rh6 Ke5 55. Kb3 Rf1 56. Ka4 Rxf3 57. Rh1 Nd7 58. Ra1 Nc5+ 59. Kb4 Kd4 60.
Rb1 Rc3 61. Rd1+ Nd3+ 62. Ka5 Ra3+ 63. Kb6 a5 64. Rh1 a4 65. Kb5 Kc3 66. Rh4 Kb3
67. Rh3 Ka2 0-1

[Event "Druzynowe Mistrzostwa Polski II Liga"]
[Site "Szklarska Poreba"]
[Date "1899-12-30"]
[Round "2.37"]
[White "Ustianovich, Nazar"]
[Black "Sypien, Mateusz"]
[Result "1-0"]
[WhiteTitle "FM"]
[BlackTitle "k"]
[WhiteElo "2382"]
[BlackElo "2250"]

1. d4 Nf6 2. c4 g6 3. Nf3 Bg7 4. g3 d6 5. Bg2 O-O 6. O-O Nbd7 7. Nc3 e5 8. Qc2
c6 9. Rd1 Re8 10. e4 Qe7 11. d5 c5 12. a3 b6 13. b4 Nh5 14. Rb1 f5 15. exf5 e4
16. Nh4 g5 17. f6 Qxf6 18. Nxe4 Rxe4 19. Qxe4 gxh4 20. Qe8+ Nf8 21. Qxh5 hxg3
22. hxg3 Qf5 23. Qxf5 Bxf5 24. Bf4 Bxb1 25. Rxb1 cxb4 26. axb4 Rd8 27. c5 dxc5
28. bxc5 bxc5 29. Bc7 Rd7 30. d6 Be5 31. Bc6 Bxd6 32. Bxd7 Bxc7 33. Rb7 Bb6 34.
Be8 Ng6 35. Bxg6 hxg6 36. Kf1 g5 37. f3 Kf8 38. Ke2 Ke8 39. Kd3 Kd8 40. Rg7 a5
41. Rxg5 1-0

[Event "Druzynowe Mistrzostwa Polski II Liga"]
[Site "Szklarska Poreba"]
[Date "1899-12-30"]
[Round "2.38"]
[White "Sycz, Dariusz"]
[Black "Smolka, Marcin"]
[Result "1/2-1/2"]
[WhiteTitle "k"]
[BlackTitle "k"]
[WhiteElo "2182"]
[BlackElo "2153"]

1. d4 d5 2. Nf3 c6 3. Nbd2 Nf6 4. e3 Bg4 5. h3 Bh5 6. g4 Bg6 7. Ne5 Nfd7 8. Nxg6
hxg6 9. Bg2 e5 10. dxe5 Nxe5 11. O-O Bc5 12. b3 O-O 13. Bb2 Re8 14. c4 Nd3 15.
cxd5 Nxb2 16. Qc2 Be7 17. Rae1 Bf6 18. Ne4 Rxe4 19. Bxe4 cxd5 20. Bg2 Na6 21.
Rb1 Nb4 22. Qd2 N4d3 23. g5 Bxg5 24. Rxb2 Nxb2 25. Qxb2 Bf6 26. Qd2 d4 27. Bxb7
Rb8 28. Be4 dxe3 29. Qxe3 Qd4 30. Qxd4 Bxd4 31. Rd1 Rd8 32. Kg2 Bb6 1/2-1/2

[Event "Druzynowe Mistrzostwa Polski II Liga"]
[Site "Szklarska Poreba"]
[Date "1899-12-30"]
[Round "2.39"]
[White "Musial, Tomasz"]
[Black "Pulik, Krzysztof"]
[Result "1-0"]
[WhiteTitle "I++"]
[BlackTitle "k"]
[WhiteElo "1985"]
[BlackElo "2134"]

1. e4 e6 2. d4 d5 3. Nc3 Bb4 4. e5 c5 5. a3 Bxc3+ 6. bxc3 Ne7 7. Nf3 h6 8. a4 O-O
9. Ba3 b6 10. Bd3 Qc7 11. O-O Ba6 12. Qd2 Bxd3 13. cxd3 Nd7 14. Rab1 Rfc8 15.
Rfc1 Qd8 16. dxc5 Nxc5 17. a5 Nc6 18. axb6 axb6 19. Bb4 Ra4 20. Rc2 Rca8 21. Rcb2
Nd7 22. d4 Na5 23. Bxa5 R8xa5 24. g3 Qc8 25. Ne1 Ra3 26. Rb3 Qc4 27. Rxa3 Rxa3
28. Rc1 b5 29. Nd3 Nb6 30. Nb2 Qb3 31. Qc2 Qxc2 32. Rxc2 Ra1+ 33. Kg2 Ra2 34.
Rd2 Na4 35. Nc4 Nxc3 36. Rxa2 Nxa2 37. Nd2 Kf8 38. Nb3 Nb4 39. Kf1 Ke7 40. Ke2
Kd7 41. h4 Kc7 42. g4 Nc6 43. h5 b4 44. f4 Kb6 45. Kd3 Kc7 46. Ke3 Ne7 47. Nc5
Kc6 48. Kd2 g6 49. g5 gxh5 50. gxh6 Ng6 51. h7 Kc7 52. Na6+ Kd8 53. Nxb4 Ke8 54.
f5 exf5 55. Nxd5 h4 56. Ke3 Kf8 57. Nf4 Nh8 58. d5 Ke8 59. Kf3 Ke7 60. Kg2 f6
61. e6 1-0

[Event "Druzynowe Mistrzostwa Polski II Liga"]
[Site "Szklarska Poreba"]
[Date "1899-12-30"]
[Round "2.40"]
[White "Skomial, Mateusz"]
[Black "Sadzikowski, Marian"]
[Result "1-0"]
[WhiteTitle "I++"]
[BlackTitle "I"]
[WhiteElo "2039"]
[BlackElo "1871"]

1. e4 e6 2. d4 b6 3. Bd3 Ba6 4. Nf3 Bxd3 5. Qxd3 Nf6 6. O-O Be7 7. c4 d6 8. Nc3
O-O 9. Bg5 Nbd7 10. Rad1 c5 11. e5 Ne8 12. Bxe7 Qxe7 13. dxc5 Nxc5 14. exd6 Qb7
15. Qb1 Rd8 16. b4 Nd7 17. Ne4 Nef6 18. Nxf6+ gxf6 19. Rd4 f5 20. Rh4 f6 21. Qc1
Rf7 22. Qe3 e5 23. Rc1 Rg7 24. Ne1 Rc8 25. Qh3 f4 26. Rg4 Nf8 27. Rxg7+ Kxg7 28.
Qg4+ Kf7 29. c5 Rc6 30. Qf3 Qd7 31. Qd5+ Kg7 32. Nd3 b5 33. Re1 Ng6 34. f3 Kf8
35. a4 a6 36. axb5 axb5 37. Ra1 Kg7 38. Nf2 Nf8 39. Ra8 Ne6 40. Ne4 Kg6 41. Rg8+
Ng7 42. Rf8 Nh5 43. Qg8+ Ng7 44. Rxf6+ 1-0

[Event "Druzynowe Mistrzostwa Polski II Liga"]
[Site "Szklarska Poreba"]
[Date "1899-12-30"]
[Round "2.41"]
[White "Kmak, Wieslaw"]
[Black "Wozniak, Maciej"]
[Result "1/2-1/2"]
[WhiteTitle "I"]
[BlackTitle "k"]
[WhiteElo "1867"]
[BlackElo "2053"]

1. e4 c5 2. Nc3 Nc6 3. f4 g6 4. Nf3 Bg7 5. Bb5 d6 6. Bxc6+ bxc6 7. O-O Rb8 8. d3
Nf6 9. Qe1 Bg4 10. e5 Nd5 11. exd6 Bxf3 12. Rxf3 Nxc3 13. bxc3 Qxd6 14. Ba3 Qd5
15. d4 e6 16. Bxc5 Rb2 17. a3 Bf8 18. Bxa7 Rb7 19. Bc5 Bxc5 20. dxc5 Qxc5+ 21.
Kh1 O-O 22. Qe3 Qxe3 23. Rxe3 Ra8 24. Kg1 Ra4 25. g3 Rba7 26. Kf2 Rxa3 27. Rxa3
Rxa3 28. Ke2 Kf8 29. Rd3 Ke7 30. Ke3 Ra4 31. Rd4 Ra1 32. Rd2 Re1+ 33. Kf2 Rh1
34. Kg2 Ra1 35. Kf3 Ra3 36. Rd3 Ra2 37. Rd2 Ra3 1/2-1/2

[Event "Druzynowe Mistrzostwa Polski II Liga"]
[Site "Szklarska Poreba"]
[Date "1899-12-30"]
[Round "2.42"]
[White "Krzyzanowska-zadlo, Lidia"]
[Black "Pyzio, Amelia"]
[Result "1-0"]
[WhiteTitle "k"]
[BlackTitle "I+"]
[WhiteElo "1842"]
[BlackElo "1620"]

1. e4 e5 2. Nf3 Nc6 3. Bb5 a6 4. Bxc6 dxc6 5. O-O Bg4 6. h3 h5 7. d3 Qf6 8. Be3
Bxf3 9. Qxf3 Qxf3 10. gxf3 Bd6 11. Nd2 Ne7 12. Kg2 Ng6 13. Rh1 Be7 14. Rag1 Kd7
15. Kf1 Rag8 16. Ke1 Bb4 17. c3 Be7 18. Ke2 Kc8 19. d4 Bf6 20. dxe5 Bxe5 21. Nc4
Bf4 22. Bxf4 Nxf4+ 23. Ke3 Ne6 24. Ne5 Rf8 25. f4 g6 26. Rd1 Rhg8 27. Rhg1 g5
28. fxg5 Rxg5 29. f4 Rg7 30. Rxg7 Nxg7 31. f5 Ne8 32. Kf4 Nd6 33. Nf3 f6 34. Rg1
Ne8 35. Nd4 Rh8 36. Ne6 b6 37. h4 c5 38. e5 fxe5+ 39. Kxe5 Kd7 40. f6 Rh6 41.
Nf8+ Kc8 42. Ng6 Rh7 43. Ke6 Nxf6 44. Kxf6 1-0

[Event "Druzynowe Mistrzostwa Polski II Liga"]
[Site "Szklarska Poreba"]
[Date "1899-12-30"]
[Round "2.43"]
[White "Daniluk, Jerzy"]
[Black "Kolago, Marcin"]
[Result "0-1"]
[WhiteTitle "k"]
[BlackTitle "m"]
[WhiteElo "2088"]
[BlackElo "2347"]

1. d4 g6 2. c4 Bg7 3. Nc3 d6 4. e4 Nd7 5. Nf3 e5 6. d5 a5 7. Bg5 f6 8. Bh4 Nc5
9. Nd2 Bh6 10. Be2 Bg5 11. Bxg5 fxg5 12. b3 Nf6 13. a3 O-O 14. O-O Bd7 15. b4
Na6 16. Rb1 axb4 17. axb4 Qe7 18. Qb3 Kh8 19. Ra1 Nh5 20. Bxh5 gxh5 21. Ra3 h4
22. Nd1 h3 23. g3 g4 24. Qc3 Rae8 25. Ra5 Ra8 26. Ne3 Qf7 27. c5 b6 28. cxb6 cxb6
29. Ra2 Bb5 30. Ndc4 Rac8 31. Qb3 Rxc4 32. Nxc4 Bxc4 0-1

[Event "Druzynowe Mistrzostwa Polski II Liga"]
[Site "Szklarska Poreba"]
[Date "1899-12-30"]
[Round "2.44"]
[White "Wiewiora, Eneasz"]
[Black "Lisowski, Krzysztof"]
[Result "1-0"]
[WhiteTitle "FM"]
[BlackTitle "k"]
[WhiteElo "2325"]
[BlackElo "2043"]

1. c4 e6 2. d4 d5 3. Nf3 c6 4. Qc2 Nf6 5. g3 b6 6. Bg2 Bb7 7. O-O Nbd7 8. Nc3 Be7
9. e4 dxc4 10. e5 Nd5 11. Ne4 b5 12. Bg5 f6 13. exf6 gxf6 14. Bh6 Kf7 15. Bh3
Nc7 16. Qe2 Nf8 17. Rfe1 Bc8 18. Rad1 Ng6 19. Nc5 Qd5 20. Bg2 Qd8 21. h4 Bxc5
22. dxc5 Nd5 23. Nd4 Qe7 24. h5 Ne5 25. Nxc6 Nxc6 26. Rxd5 Bd7 27. Rd6 Rac8 28.
Bh3 Ne5 29. f4 Rxc5 30. fxe5 Rxe5 31. Qd2 Rxe1+ 32. Kf2 1-0

[Event "Druzynowe Mistrzostwa Polski II Liga"]
[Site "Szklarska Poreba"]
[Date "1899-12-30"]
[Round "2.45"]
[White "Migala, Andrzej"]
[Black "Mulet, Piotr"]
[Result "0-1"]
[WhiteTitle "I++"]
[BlackTitle "FM"]
[WhiteElo "2021"]
[BlackElo "2323"]

1. e4 e6 2. d4 d5 3. e5 c5 4. c3 Nc6 5. Nf3 Qb6 6. a3 f6 7. Bd3 fxe5 8. Nxe5 Nxe5
9. dxe5 Ne7 10. c4 g6 11. O-O Bg7 12. f4 O-O 13. Nc3 Bd7 14. Rb1 Rad8 15. Qe1
Bc6 16. Kh1 a5 17. a4 Qb3 18. Qe2 Nf5 19. cxd5 exd5 20. Bb5 Nd4 21. Qd1 Bxb5 22.
Nxb5 Qxd1 23. Rxd1 Nxb5 24. axb5 d4 25. Bd2 b6 26. b3 Kf7 27. g3 Ke6 28. Rbc1
g5 29. Kg2 Rf5 30. g4 Rff8 31. f5+ Kxe5 32. Bxg5 Rde8 33. Kf3 Kd5 34. Bf4 a4 35.
bxa4 c4 36. Re1 c3 37. Rxe8 Rxe8 38. g5 Be5 39. f6 Bxf4 40. Kxf4 Kc4 41. Rf1 d3
42. f7 Rd8 43. Ke3 d2 44. Ke2 c2 45. Rh1 0-1

[Event "Druzynowe Mistrzostwa Polski II Liga"]
[Site "Szklarska Poreba"]
[Date "1899-12-30"]
[Round "2.46"]
[White "Jaroch, Karol"]
[Black "Jedra, Waldemar"]
[Result "1-0"]
[WhiteTitle "m"]
[BlackTitle "I"]
[WhiteElo "2200"]
[BlackElo "2020"]

1. e4 c6 2. d4 d5 3. e5 Bf5 4. g4 Be4 5. f3 Bg6 6. Ne2 e6 7. h4 h5 8. Nf4 hxg4
9. Nxg6 fxg6 10. fxg4 Rxh4 11. Bh3 Be7 12. Qd3 g5 13. Nd2 Rh6 14. Nf3 c5 15. dxc5
Nc6 16. Bd2 Qc7 17. Qe2 O-O-O 18. O-O-O Rf8 19. Rde1 Bxc5 20. Bxg5 Rh8 21. Be3
Nb4 22. Nd4 Bxd4 23. Bxd4 Rf4 24. Rd1 Re4 25. Qf2 Rf4 26. Qg2 Nxa2+ 27. Kb1 Nb4
28. c3 Qc4 29. cxb4 1-0

[Event "Druzynowe Mistrzostwa Polski II Liga"]
[Site "Szklarska Poreba"]
[Date "1899-12-30"]
[Round "2.47"]
[White "Kupryjaniuk, Tomasz"]
[Black "Samborski, Henryk"]
[Result "0-1"]
[WhiteTitle "I"]
[BlackTitle "k"]
[WhiteElo "1844"]
[BlackElo "2093"]

1. e4 c5 2. c3 Nf6 3. e5 Nd5 4. d4 cxd4 5. Nf3 Nc6 6. cxd4 d6 7. Bc4 Nb6 8. Bb3
dxe5 9. d5 Na5 10. Ba4+ Bd7 11. Bxd7+ Qxd7 12. Nc3 f6 13. O-O Rd8 14. b4 Nac4
15. Qb3 Nd6 16. Be3 Nbc4 17. a4 Nxe3 18. fxe3 g6 19. a5 Nb5 20. e4 Nxc3 21. Qxc3
Bh6 22. Ne1 O-O 23. Rf3 Rc8 24. Qb3 Kg7 25. Nd3 b6 26. b5 bxa5 27. Rxa5 Bd2 28.
Ra2 Bc3 29. Rf1 Bd4+ 30. Kh1 Rc3 31. Qb1 Rb8 32. Ne1 Qxb5 33. Qxb5 Rxb5 34. Nf3
Bb6 35. h3 Re3 36. Ra4 Rb2 37. Rd1 Ree2 38. Ne1 Re3 39. Nf3 Rbe2 40. d6 exd6 41.
Rxd6 Rxe4 42. Ra3 Rc4 43. Ra1 Rcc2 44. Rd7+ Kg8 45. Ne1 Rc7 46. Rd8+ Kg7 47. Rd6
e4 48. Rdd1 f5 0-1

[Event "Druzynowe Mistrzostwa Polski II Liga"]
[Site "Szklarska Poreba"]
[Date "1899-12-30"]
[Round "2.48"]
[White "Richterova, Natasa"]
[Black "Wierzbowska, Aleksandra"]
[Result "1-0"]
[WhiteTitle "WIM"]
[BlackTitle "I+"]
[WhiteElo "2188"]
[BlackElo "1694"]

1. e4 c5 2. Nf3 Nc6 3. d4 cxd4 4. Nxd4 e5 5. Nb5 d6 6. c4 Be7 7. N1c3 a6 8. Na3
f5 9. Bd3 f4 10. Nd5 Nf6 11. Nxf6+ Bxf6 12. Nc2 O-O 13. Be2 Be6 14. b3 Bh4 15.
Qd3 Qe7 16. Ba3 Rad8 17. Rd1 Qf7 18. Bxd6 Be7 19. c5 b6 20. Qxa6 Bxd6 21. cxd6
Qg6 22. Bf3 Bg4 23. Qe2 Bxf3 24. Qxf3 Rxd6 25. O-O Rfd8 26. Rxd6 Qxd6 27. Qc3
Rc8 28. Qc4+ Kh8 29. Ne1 Rc7 30. Qa6 Nb8 31. Qd3 Qe7 32. Nf3 Nd7 33. h3 g5 34.
Rd1 h5 35. h4 gxh4 36. Qd6 Nf6 37. Qxe7 Rxe7 38. Nxh4 Kh7 39. f3 Ra7 40. a4 Nd7
41. Rd6 Rb7 42. b4 Kg7 43. Nf5+ Kf7 44. a5 bxa5 45. bxa5 Nb8 46. Rd8 Rb1+ 47.
Kh2 Nc6 48. Ra8 Ra1 49. a6 Kg6 50. Nd6 Kg5 51. Nb5 Kh4 52. Nd6 Ra2 53. Nc4 Ra4
54. Nb6 Ra1 55. Nd7 Ra2 56. Re8 Nd4 57. Nxe5 Rxa6 58. Nd3 Ra2 59. Ne5 Ra6 60.
Rd8 Ne2 61. Rd1 Ra2 62. Ng6+ Kg5 63. Ne7 Kh4 64. Nf5+ Kg5 65. Nd4 Ng3 66. Ne6+
Kf6 67. Nxf4 h4 68. Re1 Rf2 69. e5+ Kf5 70. e6 Ra2 71. e7 1-0

[Event "Druzynowe Mistrzostwa Polski II Liga"]
[Site "Szklarska Poreba"]
[Date "1899-12-30"]
[Round "2.49"]
[White "Steczek, Marcin"]
[Black "Buraczewski, Rafal"]
[Result "1-0"]
[WhiteTitle "FM"]
[BlackTitle "k"]
[WhiteElo "2390"]
[BlackElo "2220"]

1. Nf3 Nf6 2. c4 c6 3. g3 d5 4. Qc2 Bg4 5. Bg2 Nbd7 6. O-O e6 7. b3 Be7 8. Bb2
O-O 9. d3 Rc8 10. Nbd2 a6 11. Rfe1 b5 12. Rac1 Qa5 13. a3 bxc4 14. bxc4 Rb8 15.
Bc3 Qb6 16. Ne5 Bxa3 17. Rb1 Qc7 18. Nxg4 Nxg4 19. Qa4 Qd6 20. cxd5 Nxf2 21. Nc4
Ng4 22. d4 1-0

[Event "Druzynowe Mistrzostwa Polski II Liga"]
[Site "Szklarska Poreba"]
[Date "1899-12-30"]
[Round "2.50"]
[White "Mickiewicz, Piotr"]
[Black "Smagalski, Slawomir"]
[Result "0-1"]
[WhiteTitle "m"]
[BlackTitle "I+"]
[WhiteElo "2295"]
[BlackElo "1908"]

1. Nf3 Nf6 2. g3 b6 3. Bg2 Bb7 4. O-O e6 5. d3 d5 6. e4 dxe4 7. Ng5 Be7 8. Nc3
O-O 9. Re1 h6 10. Ngxe4 Nxe4 11. Nxe4 Qc8 12. Qh5 Nd7 13. Bxh6 gxh6 14. Qxh6 Re8
15. Ng5 Bxg5 16. Qxg5+ Kf8 17. Be4 Rb8 18. Re3 Qd8 19. Qh6+ Ke7 20. Bxb7 Rxb7
21. Rae1 Nf8 22. Rf3 c5 23. Qg7 Kd6 24. Rxf7 Rxf7 25. Qxf7 Qd7 26. Qh5 Re7 27.
b3 Rf7 28. Re4 Rf5 29. Qe2 Ng6 30. d4 cxd4 31. Rxd4+ Rd5 32. Qe4 Ne5 33. Rxd5+
exd5 34. Qb4+ Ke6 35. f4 Nc6 36. Qe1+ Kd6 37. c3 Qf5 38. Qe2 Qb1+ 39. Kg2 Qc1
40. Qd3 Qb2+ 41. Kh3 Qxa2 42. c4 Ne7 43. g4 Qf2 44. f5 d4 45. Qg3+ Qxg3+ 46. Kxg3
Ke5 47. Kf3 Ng8 48. h4 a5 49. h5 Nh6 50. Kg3 d3 51. Kf3 Nxg4 52. h6 Nxh6 53. Ke3
Nxf5+ 54. Kxd3 Nd4 0-1

[Event "Druzynowe Mistrzostwa Polski II Liga"]
[Site "Szklarska Poreba"]
[Date "1899-12-30"]
[Round "2.51"]
[White "Zakoscielna, Kinga"]
[Black "Pazderski, Ziemowit"]
[Result "1-0"]
[WhiteTitle "WFM"]
[BlackTitle "k+"]
[WhiteElo "2070"]
[BlackElo "2266"]

1. d4 Nf6 2. c4 e6 3. Nf3 d5 4. cxd5 exd5 5. Nc3 Bd6 6. Qc2 c6 7. Bg5 h6 8. Bh4
Be6 9. e3 Nbd7 10. Bd3 Qb6 11. a3 a5 12. Nd2 O-O-O 13. Rb1 Kb8 14. Na4 Qc7 15.
b4 axb4 16. axb4 b5 17. Nc5 Kc8 18. Ndb3 g5 19. Bg3 Nxc5 20. Nxc5 Bxg3 21. hxg3
Nd7 22. Ra1 Nb6 23. Kd2 Rd6 24. Ra6 Kd8 25. Rha1 Nc8 26. Bf5 Ke8 27. Ra8 Bxf5
28. Qxf5 Rd8 29. Na6 1-0

[Event "Druzynowe Mistrzostwa Polski II Liga"]
[Site "Szklarska Poreba"]
[Date "1899-12-30"]
[Round "2.52"]
[White "Maciaga, Marcin"]
[Black "Walaszczyk, Witold"]
[Result "1-0"]
[WhiteTitle "k+"]
[BlackTitle "k"]
[WhiteElo "2090"]
[BlackElo "2136"]

1. Nf3 d5 2. c4 c6 3. Qc2 Nf6 4. g3 g6 5. b3 Bg7 6. Bb2 O-O 7. Bg2 Bf5 8. d3 Qc8
9. h3 Na6 10. a3 b5 11. Nbd2 bxc4 12. bxc4 Nc5 13. Rc1 Rb8 14. Be5 Qe6 15. O-O
Rbc8 16. Bd4 Ncd7 17. Rfe1 Qd6 18. e4 dxe4 19. dxe4 e5 20. c5 Qc7 21. exf5 exd4
22. Nxd4 Nd5 23. N4b3 a5 24. Ne4 Rb8 25. fxg6 fxg6 26. Rcd1 a4 27. Nd4 Bxd4 28.
Rxd4 Qe5 29. Qd2 Rb3 30. Nc3 Nxc3 31. Rxd7 Qxc5 32. Qh6 Qxf2+ 33. Kh2 1-0